ბათუმის შოთა რუსთაველის სახელმწიფო უნივერსიტეტის ბიბლიოთეკა

An introduction to Ecological Genomics / (ბიბ.ჩანაწერი № 50414)

000 -LEADER
fixed length control field 00513nam a2200205Ia 4500
001 - CONTROL NUMBER
control field 17358
003 - CONTROL NUMBER IDENTIFIER
control field GE_BSU
005 - DATE AND TIME OF LATEST TRANSACTION
control field 20220926113146.0
008 - FIXED-LENGTH DATA ELEMENTS--GENERAL INFORMATION
fixed length control field 181216s2006||||enk|||||||||||||| ||eng||
040 ## - CATALOGING SOURCE
Transcribing agency GE_BSU
041 ## - LANGUAGE CODE
Language code of text/sound track or separate title eng
080 ## - UNIVERSAL DECIMAL CLASSIFICATION NUMBER
Universal Decimal Classification number 574 A-53
100 ## - MAIN ENTRY--PERSONAL NAME
Personal name Straalen, Nico
9 (RLIN) 14781
245 #3 - TITLE STATEMENT
Title An introduction to Ecological Genomics /
Statement of responsibility, etc. Nico Straalen.
264 ## - PRODUCTION, PUBLICATION, DISTRIBUTION, MANUFACTURE, AND COPYRIGHT NOTICE
Place of production, publication, distribution, manufacture Oxford,
Date of production, publication, distribution, manufacture, or copyright notice 2006.
300 ## - PHYSICAL DESCRIPTION
Extent 307 p.
653 ## - INDEX TERM--UNCONTROLLED
keyword ბიოლოგია
653 ## - INDEX TERM--UNCONTROLLED
keyword გენეტიკა
942 ## - ADDED ENTRY ELEMENTS (KOHA)
Koha item type წიგნი
Source of classification or shelving scheme
ეგზემპლარები
Withdrawn status Lost status Source of classification or shelving scheme Materials specified (bound volume or other part) Damaged status Not for loan Permanent Location Current Location Shelving location Date acquired Cost, normal purchase price Full call number Barcode Date last seen Copy number Price effective from Koha item type Public note
      ქსეროქსი     ბათუმის შოთა რუსთაველის სახელმწიფო უნივერსიტეტის მთავარი ბიბლიოთეკა ბათუმის შოთა რუსთაველის სახელმწიფო უნივერსიტეტის მთავარი ბიბლიოთეკა წიგნსაცავი 2018-12-17 14.65 574 A-53 6 ქსეროქსი 2018-12-17 6 2018-12-17 წიგნი 14 ლ.65 თ.